000 00418nam a22001817a 4500
003 NUST
020 _a 9789332549906
038 _akhadija
082 _a621.3815
_bSHA
100 _aShames, Irving H.
_93078
245 _aIntroduction to Solid Mechanics
250 _a3rd ed.
260 _aNew Delhi :
_bPearson,
_c2015.
300 _a769 p. ;
_b24 cm.
500 _aPaperback.
563 _aPB
942 _cBK
_2ddc
999 _c34053
_d34053